| 000 | 02023nam0a22003851 4500 | ||
|---|---|---|---|
| 001 | v19\rc\1791509 | ||
| 005 | 20260405201051.0 | ||
| 035 | _a(NLR Aleph) 004882892 | ||
| 090 |
_a5189044 _c5189044 |
||
| 100 | _a20061204e19051905|||y0rusy50 ca | ||
| 101 | 0 | _arus | |
| 102 | _aRU | ||
| 105 | _aa z ||||| | ||
| 200 | 1 |
_aМатериалы к изучению церковной старины Украины _fВ. Машуков _gпредисл.: проф. Е. Редин |
|
| 210 |
_aХарьков _cтипография "Печатное дело" кн. К.Н. Гагарина _d1905 |
||
| 215 |
_a[2], 63 с. _cил. _d25 |
||
| 311 | _a"Отдельный оттиск из Сборника Харьковского историко-филологического общества, т. 16" | ||
| 488 | 0 |
_12001#$aСборник Харьковского историко-филологического общества$vт. 16 _171002$3RU\NLR\AUTH\889961845$aХарьковское историко-филологическое общество _tСборник Харьковского историко-филологического общества _aХарьковское историко-филологическое общество |
|
| 601 | 0 | 2 |
_aРусская православная церковь _xИстория _yУкраина _92100001 _3RU\NLR\AUTH\661270170 |
| 686 | 0 |
_aЭ372.24-39(2Ук)7 _2rubbk |
|
| 700 | 1 |
_aМашуков _bВ. Д. _f1866-1919 _gВладимир Дмитриевич _9143657 _3RU\NLR\AUTH\770143693 |
|
| 702 | 1 |
_4080 _7ca _8rus _aРедин _bЕ. К. _f1863-1908 _gЕгор Кузьмич _971566 _3RU\NLR\AUTH\7788638 |
|
| 801 | 0 |
_aRU _bNLR _gpsbo |
|
| 801 | 0 |
_aRU _bRuMoRGB _2psbo |
|
| 801 | 1 |
_aRU _bProSoft-M _2rusmarc |
|
| 801 | 2 |
_aRU _bNLR _c20150529 _2rusmarc |
|
| 852 |
_aNLR _j34.52.5.309 |
||
| 899 |
_aRuMoRGB _jU 172/1156 |
||
| 899 |
_aRuMoRGB _jG 51/407 |
||
| 899 |
_aRuMoRGB _jФ 1-54/466 |
||
| 899 | _aБАН | ||
| 899 | _aГПИБ | ||
| 942 | _cBOOK | ||
| 980 | _aNB | ||